I Will Always Love You - Whitney Houston - All Lyrics - Statistics

General Stats
  • This quiz has been taken 329 times
  • The average score is 129 of 153
Answer Stats
Answer % Correct
I
100%
I,
100%
always
99%
always,
99%
love
99%
Ooh,
99%
will
99%
you
99%
you,
99%
And
97%
and
97%
your
84%
but
82%
But
82%
mm,
82%
mm
82%
If
81%
of
81%
the
81%
be
80%
go,
79%
I'll
79%
I’ll
79%
all
78%
way
78%
know
77%
in
76%
So
76%
should
75%
stay
75%
me
74%
every
73%
think
71%
would
71%
I'm
70%
step
70%
that
68%
only
67%
wish
67%
don't
66%
We
65%
not
64%
this,
63%
what
63%
is
62%
with
62%
happiness
61%
My
59%
joy
58%
please,
58%
cry
57%
memories,
57%
need
56%
above
55%
Bittersweet
55%
both
54%
goodbye,
50%
taking
50%
life
48%
darling,
47%
Darling,
47%
hope
47%
have
46%
kind
42%
dreamed
41%
treats
41%
to
40%
you've
40%
No matching quizzes found
Score Distribution
Percent of People with Each Score
Percentile by Number Answered
Your Score History
You have not taken this quiz